000 00800nam a2200229Ia 4500
001 15551
003 GE_BSU
008 181216s||||||||xx |||||||||||||| ||und||
040 _cGE_BSU
080 _a82-93+821.353.1-32
100 _aგაიდარი, არკადი
245 _aთხზულებათა სამტომეული. ტ. 3
245 _bმოთხრობები
245 _cრედ.მ.ახვლედიანი. მხატვ.დ.ერისთავი
260 _aთბილისი
260 _bნაკადული
260 _c1976
300 _a307გვ.ილ.1ფ.პორტრ.
653 _aთხზულებათა სამტომეული
653 _aმოთხრობები
942 _cBK
999 _c48651
_d48651